La Reforma del Estado en Costa Rica /
El autor asegura que ha llegado el momento histórico de reformar el Estado, y que tres factores explican la existencia de esa conciencia nacional acerca de la necesidad de reformarlo: a.- el pensamiento político moderno ha llegado a replantearse la función y el rol que juega el Estado en las democra...
Guardado en:
| Hovedforfatter: | |
|---|---|
| Format: | Texto |
| Fag: | |
| Tags: |
Tilføj Tag
Ingen Tags, Vær først til at tagge denne postø!
|
MARC
| LEADER | 00000 a a2200000 04500 | ||
|---|---|---|---|
| 001 | 14029 | ||
| 003 | |||
| 040 | |||
| 100 | |a Laclé Castro, Rolando | ||
| 245 | |a La Reforma del Estado en Costa Rica / |c Rolando Laclé Castro | ||
| 520 | |a El autor asegura que ha llegado el momento histórico de reformar el Estado, y que tres factores explican la existencia de esa conciencia nacional acerca de la necesidad de reformarlo: a.- el pensamiento político moderno ha llegado a replantearse la función y el rol que juega el Estado en las democracias occfidentales |a b.- en el ámbito nacional, el Estado costarricense que se estructuró en la Comisión de 1949, ha sido objeto de múltiples críticas y se ha querido cambiarlo |a y, C.- su crecimiento enorme y desordenado. En esta exposición se hace referencia a dos grandes puntos en los cuales se debe reformar el Estado: 1.- las reformas del sistema político y, 2.- las reformas del aparato del Estado. Además, añade, la reforma del Estado pasa también por un proceso de profundización democrática: se trata de redimensionar el funcionamiento democrático de la sociedad. Concluye que todo el proceso reformador puede empezar a darse ahora mismo, toda vez que las bases para lograr un consenso nacional están dadas. MB/MR | ||
| 650 | |a ESTADO | ||
| 650 | |a REFORMAS ADMINISTRATIVAS | ||
| 650 | |a SISTEMAS POLITICOS | ||
| 650 | |a MARCO INSTITUCIONAL | ||
| 650 | |a DEMOCRACIA | ||
| 773 | |g número 19; páginas 165-168 | ||
| 999 | |c 26681 |d 26681 | ||
